All Rauw Songs (Albums) - Statistics

General Stats
  • This quiz has been taken 105 times
  • The average score is 32 of 67
Answer Stats
Answer % Correct
BESO ft. ROSALÍA
91%
VAMPIROS ft. ROSALÍA
75%
MUSEO
72%
Todo De Ti
71%
LOKERA ft. Lyanno, Brray
70%
PUNTO 40 ft. Baby Rasta
67%
SATURNO
67%
Sexo Virtual
67%
Aquel Nap ZzZz
64%
Desesperados ft. Chencho Corleone
64%
Desenfocao
62%
DIME QUIÉN????
62%
QUE RICO CH**GAMOS
62%
Cosa Guapa
61%
Dile a El
61%
2/Catorce ft. Mr. Naisgai
59%
Cúrame
58%
La Old Skul
58%
Brazilera ft. Anitta
57%
RON COLA ft. Subelo NEO
57%
Algo Mágico
55%
PANTIES Y BRASIERES ft. Daddy Yankee
55%
Pensándote ft. Tainy
55%
PROMESA ft. ROSALÍA
55%
VERDE MENTA
55%
DE CAROLINA ft. Playero
54%
GATAS ft. Chris Palace
54%
LEJOS DEL CIELO
54%
Reloj ft. Anuel AA
54%
CORAZÓN DESPEINADO
52%
Nubes
51%
Strawberry Kiwi
51%
Al Mismo Tiempo
49%
DEJAU ft. Playero
49%
Perreo Pesau
49%
CAZADORES ft. Arcángel
48%
MÁS DE UNA VEZ
45%
NO ME SUELTES
45%
Química ft. Zion & Lennox, Mr. Naisgai, The Martinez Brothers
43%
¿Cuándo Fue? ft. Tainy
42%
De Cora <3 ft. J Balvin
42%
Ponte Pa Mi ft. Myke Towers, Sky Rompiendo
42%
Tattoo-Remix ft. Camilo
41%
Enchule
39%
Tengo Un Pal ft. Lyanno, Caleb Calloway
39%
Mood ft. Sech
38%
Elegí ft. Farruko, Anuel AA, Sech, Dímelo Flow, Justin Quiles
36%
RAULEETO (Skit)
36%
NO DRAMA ft. Ty Dolla $ign
35%
Un Sueño ft. Trippie Redd
35%
HACKIAO
33%
RED VELVET ft. Shenseea
33%
CAPRICHOSO
32%
DECA A LAS VEGAS
32%
FCK U X2 ft. Future, Rvssian
32%
GRACIAS POR NADA
32%
GTR
32%
No Te Creo ft. Wisin & Yandel, Mr. Naisgai
32%
Soy Una Gargola ft. Arcángel, Randy
32%
¿Y Eso?
32%
Cubierto de Ti ft. Lary Over
30%
Espuma ft. De La Ghetto
30%
Cuento de Hadas ft. Jon Z
28%
Encima De Mi ft. Darell
28%
WUEPA ft. Ankhal
28%
Hasta Donde ft. Cazzu
26%
Na de Ti ft. Oliva
26%
No matching quizzes found
Score Distribution
Percent of People with Each Score
Percentile by Number Answered
Your Score History
You have not taken this quiz